[Event "47th Sparkassen Open"]
[Site "Dortmund GER"]
[Date "2019.07.19"]
[Round "7.31"]
[White "Farokhi, Keyvan"]
[Black "Schriewer, Thomas"]
[Result "1/2-1/2"]
[WhiteElo "1946"]
[BlackElo "2004"]
[WhiteFideId "12998630"]
[BlackFideId "24606049"]
[EventDate "2019.07.13"]

1. e4 c5 2. Nf3 e6 3. c3 Nf6 4. e5 Nd5 5. d4 cxd4 6. cxd4 d6 7. Bc4 Be7 8. Bxd5
exd5 9. Nc3 dxe5 10. dxe5 Be6 11. Nd4 Qd7 12. f4 g6 13. Be3 Nc6 14. Qd3 Rc8 15.
O-O Nxd4 16. Bxd4 b6 17. Rad1 Rc4 18. Kh1 Bb4 19. b3 Rc6 20. Ne2 O-O 21. Bc3 Bf5
22. Qd2 Bxc3 23. Nxc3 d4 24. Ne2 d3 25. Ng3 Rc2 26. Qe3 Rxa2 1/2-1/2

[Event "47th Sparkassen Open"]
[Site "Dortmund GER"]
[Date "2019.07.19"]
[Round "7.32"]
[White "Groneberg, Joerg"]
[Black "Koschetzki, Christian"]
[Result "0-1"]
[WhiteElo "1921"]
[BlackElo "1987"]
[WhiteFideId "12941638"]
[BlackFideId "24691658"]
[EventDate "2019.07.13"]

1. c4 Nf6 2. g3 g6 3. Bg2 Bg7 4. Nc3 e5 5. d3 O-O 6. e4 Nc6 7. Nge2 d6 8. O-O
Bg4 9. h3 Be6 10. Kh2 Nh5 11. g4 Nf6 12. f4 exf4 13. Nxf4 Bd7 14. d4 Nxd4 15.
Be3 Nc6 16. c5 Ne5 17. Nfd5 Nfxg4+ 18. hxg4 Nxg4+ 19. Kg1 c6 20. cxd6 cxd5 21.
Bd4 Qh4 22. Rf3 Qh2+ 23. Kf1 Qxd6 24. Bxg7 Kxg7 25. Qd4+ f6 26. Rd3 Qf4+ 27. Bf3
Ne5 28. Nxd5 Bh3+ 29. Ke2 Qh2+ 30. Ke3 Nxd3 31. Kxd3 Qe5 32. Qb4 Rf7 33. Ke3 Rd8
34. Rd1 f5 35. Qd4 Qxd4+ 36. Rxd4 fxe4 37. Bxe4 Bf5 38. Bf3 h5 39. Ra4 b6 40.
Nf4 Re7+ 0-1

[Event "47th Sparkassen Open"]
[Site "Dortmund GER"]
[Date "2019.07.19"]
[Round "7.33"]
[White "Winterberg, Andreas"]
[Black "Spickermann, Sven"]
[Result "1-0"]
[WhiteElo "1956"]
[BlackElo "2008"]
[WhiteFideId "16210433"]
[BlackFideId "16248767"]
[EventDate "2019.07.13"]

1. e4 e5 2. Nf3 Nc6 3. Nc3 Nf6 4. d4 exd4 5. Nxd4 Bc5 6. Be3 Bb6 7. Be2 d6 8. h3
Qe7 9. O-O O-O 10. Nxc6 bxc6 11. Bxb6 cxb6 12. Bd3 Qe5 13. f4 Qc5+ 14. Kh2 Re8
15. Qf3 Be6 16. Rae1 Rad8 17. e5 Bd5 18. Qg3 Nd7 19. Qh4 Nf8 20. f5 dxe5 21. f6
Ng6 22. Bxg6 hxg6 23. fxg7 Kxg7 24. Qf6+ Kg8 25. Nxd5 Qxd5 26. Rd1 Qxd1 27.
Qxf7+ Kh8 28. Rxd1 Rf8 29. Rxd8 1-0

[Event "47th Sparkassen Open"]
[Site "Dortmund GER"]
[Date "2019.07.19"]
[Round "7.34"]
[White "Guenther, Lars"]
[Black "Delere, Adrian"]
[Result "1-0"]
[WhiteElo "2114"]
[BlackElo "1858"]
[WhiteFideId "4625153"]
[BlackFideId "12990400"]
[EventDate "2019.07.13"]

1. b3 f5 2. Bb2 Nf6 3. g3 g6 4. Bg2 Bg7 5. e3 O-O 6. Ne2 d6 7. d4 Qe8 8. d5 e5
9. dxe6 Nc6 10. O-O Bxe6 11. Nf4 Bd7 12. Nd2 g5 13. Nd5 Nxd5 14. Bxd5+ Be6 15.
Bxe6+ Qxe6 16. Bxg7 Kxg7 17. Nf3 h6 18. Nd4 Nxd4 19. Qxd4+ Qe5 20. Rad1 Qxd4 21.
Rxd4 Rfe8 22. Rfd1 Re7 23. Kg2 Kf6 24. h4 Rae8 25. hxg5+ hxg5 26. g4 Re4 27.
gxf5 Rxd4 28. Rxd4 Kxf5 29. Kf3 Re6 30. Rd5+ Re5 31. Rxe5+ Kxe5 32. Kg4 Kf6 33.
c4 c6 34. e4 Kg6 35. b4 a6 36. a4 b5 37. cxb5 cxb5 38. axb5 axb5 39. f3 Kf6 40.
Kh5 Ke5 41. Kxg5 Kd4 42. f4 Kxe4 43. f5 d5 44. f6 d4 45. f7 1-0

[Event "47th Sparkassen Open"]
[Site "Dortmund GER"]
[Date "2019.07.19"]
[Round "7.35"]
[White "Stock, Tobias W"]
[Black "Homfeldt, Christopher"]
[Result "1-0"]
[WhiteElo "2001"]
[BlackElo "1848"]
[WhiteFideId "407500"]
[BlackFideId "16220293"]
[EventDate "2019.07.13"]

1. d4 Nf6 2. c4 g6 3. Nc3 Bg7 4. e4 d6 5. f3 Nbd7 6. Nh3 O-O 7. Be3 e5 8. d5 a5
9. Nf2 Nh5 10. Nd3 f5 11. Qd2 Ndf6 12. Bg5 f4 13. Bh4 h6 14. Bf2 g5 15. O-O-O g4
16. Be2 gxf3 17. gxf3 Nd7 18. c5 b6 19. c6 Ndf6 20. Ne1 Nh7 21. Nc2 Bh3 22. Rdg1
Kh8 23. Be1 Bf6 24. Nd1 Rg8 25. Bf1 Rxg1 26. Rxg1 Bxf1 27. Rxf1 Qe7 28. Rg1 Rg8
29. Rxg8+ Kxg8 30. Qg2+ Qg7 31. Qxg7+ Nxg7 32. Kd2 Kf7 33. Nc3 Ke7 34. Nb5 Ne8
35. b4 axb4 36. Nxb4 Kd8 37. Ke2 Nf8 38. a4 Ng6 39. Na6 Ne7 40. a5 Nc8 41. Nb8
Be7 42. a6 Nf6 43. Bh4 Nxd5 44. Bxe7+ 1-0

[Event "47th Sparkassen Open"]
[Site "Dortmund GER"]
[Date "2019.07.19"]
[Round "7.36"]
[White "Meier, Silas"]
[Black "Barskij, Aleksandr"]
[Result "1-0"]
[WhiteElo "1811"]
[BlackElo "1941"]
[WhiteFideId "16210662"]
[BlackFideId "4697251"]
[EventDate "2019.07.13"]

1. d4 Nf6 2. c4 e6 3. Nc3 Bb4 4. Bg5 h6 5. Bh4 c5 6. d5 Ne4 7. Bxd8 Nxc3 8. Qb3
Ne4+ 9. Kd1 Nxf2+ 10. Kc2 Kxd8 11. Qf3 Nxh1 12. g3 Ke7 13. Bg2 d6 14. Rf1 Rf8
15. Qg4 exd5 16. Qxg7 Nc6 17. Qf6+ Ke8 18. cxd5 Nd4+ 19. Kb1 a5 20. Bxh1 Ra6 21.
e3 Nf5 22. Rxf5 Bxf5+ 23. Qxf5 Ke7 24. a3 c4 25. axb4 axb4 26. Qe4+ Kd7 27. Ne2
b3 28. Nc3 Rfa8 29. Kc1 Ra1+ 30. Nb1 b5 31. Bf3 c3 32. bxc3 1-0

[Event "47th Sparkassen Open"]
[Site "Dortmund GER"]
[Date "2019.07.19"]
[Round "7.38"]
[White "Meinschien, Finn"]
[Black "Atali, Dogukan"]
[Result "1/2-1/2"]
[WhiteElo "1908"]
[BlackElo "1734"]
[WhiteFideId "12989665"]
[BlackFideId "16208269"]
[EventDate "2019.07.13"]

1. e4 e6 2. d4 d5 3. Nc3 Nf6 4. e5 Nfd7 5. f4 c5 6. Nf3 Nc6 7. Be3 Qb6 8. Na4
Qa5+ 9. c3 cxd4 10. b4 Qd8 11. Nxd4 Nxd4 12. Bxd4 Be7 13. Bd3 O-O 14. Qh5 g6 15.
Qh3 Nb8 16. O-O Nc6 17. Bc5 b6 18. Bxe7 Nxe7 19. Nb2 Bb7 20. Qe3 d4 21. Qxd4
Qxd4+ 22. cxd4 Rfd8 23. Rac1 Nd5 24. Be4 Rd7 25. a3 Rad8 26. Bxd5 Bxd5 27. Rfd1
Be4 28. Rc4 b5 29. Rc5 a6 30. Kf2 Bb7 31. g3 Rxd4 32. Rxd4 Rxd4 33. Ke3 Rd7 34.
Rc3 Kf8 35. Nd3 Ke7 36. Nc5 Rc7 37. Rd3 Bd5 38. Nxa6 Rc2 39. h4 Bc4 40. Rd6 Rc3+ 1/2-1/2

[Event "47th Sparkassen Open"]
[Site "Dortmund GER"]
[Date "2019.07.19"]
[Round "7.39"]
[White "Yin, Haode"]
[Black "Schoeneshoefer, Adrian"]
[Result "1-0"]
[WhiteElo "1652"]
[BlackElo "1884"]
[WhiteFideId "16261348"]
[BlackFideId "16203771"]
[EventDate "2019.07.13"]

1. d4 Nf6 2. Nf3 g6 3. g3 Bg7 4. Bg2 O-O 5. O-O d6 6. c4 a6 7. Nc3 Nc6 8. e4 Rb8
9. a3 Ne8 10. Be3 b5 11. cxb5 axb5 12. b4 Bd7 13. Qd3 Na7 14. d5 Nc8 15. Bd4 Nf6
16. Rac1 c6 17. dxc6 Bxc6 18. Bxf6 Bxf6 19. Nd4 Bxd4 20. Qxd4 Nb6 21. Nd5 Bd7
22. Rc3 Nxd5 23. exd5 Qb6 24. Qxb6 Rxb6 25. Rc7 Rd8 26. Re1 Kf8 27. h4 h5 28.
Kh2 Ra6 29. Bh3 f5 30. Re3 Ke8 31. Bf1 Rb8 32. Be2 Kd8 33. Rcc3 Raa8 34. Kg1 Rc8
35. Kf1 Rxc3 36. Rxc3 Rb8 37. Re3 Rc8 38. Ke1 Rc1+ 39. Kd2 Rc7 40. Rc3 Rb7 41.
Re3 Ke8 42. f4 Kf7 43. Bd1 Ra7 44. Be2 Kf6 45. Ke1 Rb7 46. Bd1 e6 47. dxe6 Bxe6
48. Bb3 d5 49. Re5 Ra7 50. Bxd5 Bxd5 51. Rxd5 Rxa3 52. Kf2 Ra2+ 53. Ke3 Ke6 54.
Rxb5 Ra6 55. Kd4 Kd6 56. Rc5 Ra3 57. Rc3 Ra1 58. Kd3 Ra2 59. Kc4 Ra8 60. b5 Kc7
61. Kb4+ Kb7 62. Rc6 Rg8 63. Kc5 Rg7 64. Kd5 Rd7+ 65. Ke5 1-0

[Event "47th Sparkassen Open"]
[Site "Dortmund GER"]
[Date "2019.07.19"]
[Round "7.40"]
[White "Klueting, Reiner"]
[Black "Dippel, Olaf"]
[Result "1-0"]
[WhiteElo "1973"]
[BlackElo "1914"]
[WhiteFideId "4644760"]
[BlackFideId "4693159"]
[EventDate "2019.07.13"]

1. e4 e5 2. Nc3 Nf6 3. Bc4 Nxe4 4. Qh5 Nd6 5. Qxe5+ Qe7 6. Qxe7+ Bxe7 7. Bb3 O-O
8. Nf3 c6 9. O-O Nf5 10. Re1 d5 11. d4 Be6 12. Ne2 Na6 13. Nf4 Nc7 14. c3 Rfe8
15. Nd3 Bd7 16. Nfe5 Rad8 17. Nxd7 Rxd7 18. Bd2 Bd6 19. Nc5 Bxc5 20. dxc5 Rde7
21. Bc2 g6 22. Kf1 Ne6 23. b4 b6 24. cxb6 axb6 25. a4 Nd6 26. Bd3 c5 27. Re5 c4
28. Rxd5 cxd3 29. Rxd6 Nc7 30. Rxd3 Re2 31. Be3 Rc2 32. Bxb6 Ree2 33. Re1 1-0

[Event "47th Sparkassen Open"]
[Site "Dortmund GER"]
[Date "2019.07.19"]
[Round "7.41"]
[White "De Smedt, Mark"]
[Black "Ball, Joerg"]
[Result "0-1"]
[WhiteElo "1920"]
[BlackElo "1961"]
[WhiteFideId "244899"]
[BlackFideId "4685172"]
[EventDate "2019.07.13"]

1. e4 g6 2. d4 Bg7 3. Nc3 d6 4. Be3 Nd7 5. Qd2 c6 6. Bd3 Ngf6 7. f3 O-O 8. O-O-O
e5 9. h4 h5 10. Nce2 Re8 11. Nh3 d5 12. exd5 Nxd5 13. Bh6 Bh8 14. g4 N7f6 15.
gxh5 Nxh5 16. dxe5 Bxe5 17. f4 Bh8 18. f5 Qf6 19. c4 Ne3 20. fxg6 Bxh3 21. gxf7+
Kxf7 22. Bxe3 Rxe3 23. Nc3 Rae8 24. Ne4 R8xe4 25. Bxe4 Nf4 26. Rhe1 Nd3+ 27.
Bxd3 Rxd3 28. Qh2 Rxd1+ 29. Rxd1 Be6 30. Qc7+ Kg6 31. Qxb7 Bxc4 32. Qb8 Bd5 33.
Qg3+ Kh5 34. Qg5+ Qxg5+ 35. hxg5 Kxg5 36. a3 Kf5 37. Rf1+ 0-1

[Event "47th Sparkassen Open"]
[Site "Dortmund GER"]
[Date "2019.07.20"]
[Round "8.1"]
[White "Bagrationi, Alexander"]
[Black "Hausrath, Daniel"]
[Result "0-1"]
[WhiteTitle "GM"]
[BlackTitle "GM"]
[WhiteElo "2505"]
[BlackElo "2468"]
[WhiteFideId "14104954"]
[BlackFideId "4617495"]
[EventDate "2019.07.13"]

1. e4 d6 2. d4 Nf6 3. Nc3 e5 4. Nf3 Nbd7 5. Bc4 Be7 6. O-O O-O 7. a4 a6 8. Qe2
c6 9. Rd1 Qc7 10. a5 h6 11. Nh4 exd4 12. Rxd4 Ne5 13. Ba2 Bg4 14. f3 Nh7 15.
fxg4 Bxh4 16. Be3 Bg5 17. Bf2 Rfe8 18. Ra4 Nf8 19. Rf1 Nfg6 20. g3 Qd7 21. h3
Nf8 22. Rd4 Ne6 23. Rdd1 Bd8 24. b4 h5 25. Be3 hxg4 26. hxg4 Bg5 27. Bf4 Bf6 28.
Na4 Nxf4 29. Rxf4 Qe7 30. Nb6 Rad8 31. c3 Ng6 32. Rf5 d5 33. Nxd5 cxd5 34. Bxd5
Rxd5 35. Rfxd5 Bxc3 36. Qc4 Qxb4 37. Qxb4 Bxb4 38. R1d4 Be1 39. Kg2 Ne5 40. Rd1
Bb4 41. Rb1 Nc6 42. Rd7 Rxe4 43. Rxb7 Bxa5 44. Rc1 Re2+ 45. Kh3 Re6 46. g5 Bd2
47. Rc5 Be3 48. Rd5 g6 49. Rdd7 Ne5 50. Re7 Nf3 51. Red7 Nxg5+ 52. Kg2 Bb6 53.
Rd2 a5 54. Rb8+ Kg7 55. Ra8 Re3 56. Rd7 Re1 57. Rb7 Rg1+ 58. Kh2 Rb1 59. Kg2
Rb2+ 60. Kf1 Nf3 0-1

[Event "47th Sparkassen Open"]
[Site "Dortmund GER"]
[Date "2019.07.20"]
[Round "8.2"]
[White "Michalczak, Thomas"]
[Black "Schleining, Zoya"]
[Result "1-0"]
[WhiteTitle "FM"]
[BlackTitle "IM"]
[WhiteElo "2239"]
[BlackElo "2339"]
[WhiteFideId "4622634"]
[BlackFideId "4671660"]
[EventDate "2019.07.13"]

1. e4 c6 2. Nc3 d5 3. Nf3 Bg4 4. h3 Bxf3 5. gxf3 e6 6. d4 Nd7 7. Qd3 Ne7 8. Be3
Ng6 9. O-O-O Be7 10. Rg1 Qc7 11. Kb1 a6 12. e5 f5 13. f4 Kf7 14. Be2 Nh4 15. Qd2
b5 16. Bh5+ g6 17. Be2 Nb6 18. Rc1 a5 19. Qe1 Nc4 20. Nd1 Rhb8 21. Qf1 a4 22.
Rg3 Qa5 23. c3 Qd8 24. Rc2 Nxe3 25. fxe3 b4 26. cxb4 a3 27. b3 Rxb4 28. Nf2 Qb6
29. Qc1 Rb8 30. Nd3 Rb5 31. Nc5 Rxc5 32. dxc5 Qb4 33. Qd2 Qxd2 34. Rxd2 Ke8 35.
Rc2 Kd7 36. Rg1 Rb4 37. Bd3 Bd8 38. Kc1 Ba5 39. Kd1 Rb8 40. Ke2 Ke7 41. Kf2 Kd7
42. Be2 h6 43. Rd1 Bb4 44. Rd4 Ke7 45. Rc1 Kd7 46. Rcc4 Ba5 47. Ra4 Bc3 48. Ra7+
Kc8 49. Rda4 Bb4 50. R4a6 1-0

[Event "47th Sparkassen Open"]
[Site "Dortmund GER"]
[Date "2019.07.20"]
[Round "8.3"]
[White "Kashlinskaya, Alina"]
[Black "Andersen, Gunnar"]
[Result "1-0"]
[WhiteTitle "IM"]
[WhiteElo "2492"]
[BlackElo "2166"]
[WhiteFideId "4198026"]
[BlackFideId "30920795"]
[EventDate "2019.07.13"]

1. e4 c5 2. c3 g6 3. d4 cxd4 4. cxd4 d5 5. e5 Nc6 6. Nc3 Nh6 7. h3 Nf5 8. Nf3 h5
9. Bb5 Bg7 10. Bf4 e6 11. Qd2 Bd7 12. O-O O-O 13. Bg5 f6 14. exf6 Bxf6 15. Bxc6
Bxc6 16. Bxf6 Rxf6 17. Ne5 Nd6 18. Rac1 Kg7 19. Rc2 Nc4 20. Qe2 Nxe5 21. Qxe5
Qb8 22. Qxb8 Rxb8 23. Rfc1 Rbf8 24. f3 g5 25. b4 a6 26. a4 g4 27. b5 axb5 28.
axb5 Be8 29. fxg4 hxg4 30. hxg4 Bg6 31. Rd2 Rc8 32. Ne2 Rxc1+ 33. Nxc1 Be8 34.
b6 Rf4 35. Nb3 Bb5 36. Nc5 Rf1+ 37. Kh2 Bc6 38. Nxe6+ Kf6 39. Re2 Rb1 40. g5+
Kg6 41. Rf2 Rxb6 42. Rf6+ Kh5 43. Kh3 Rb3+ 44. g3 1-0

[Event "47th Sparkassen Open"]
[Site "Dortmund GER"]
[Date "2019.07.20"]
[Round "8.4"]
[White "Chittka, Julius"]
[Black "Arold, Gerhard"]
[Result "1-0"]
[WhiteElo "2319"]
[BlackElo "2045"]
[WhiteFideId "12954772"]
[BlackFideId "24664120"]
[EventDate "2019.07.13"]

1. Nf3 Nf6 2. c4 g6 3. Nc3 d5 4. cxd5 Nxd5 5. Qa4+ Bd7 6. Qc2 Nb6 7. d4 Bg7 8.
e4 Nc6 9. d5 Ne5 10. Nxe5 Bxe5 11. Bh6 e6 12. dxe6 fxe6 13. g3 Qe7 14. Bg2 O-O-O
15. f4 Bg7 16. Bg5 Bf6 17. Bxf6 Qxf6 18. e5 Qe7 19. Rc1 Qc5 20. Qf2 Qb4 21. O-O
Rhf8 22. a3 Qe7 23. a4 Kb8 24. a5 Na4 25. a6 Qc5 26. Nxa4 Qxf2+ 27. Rxf2 Bxa4
28. Bxb7 Rd4 29. b3 Bb5 30. Rc5 Bd3 31. Rd2 Rfd8 32. Kf2 Bf5 33. Rxd4 Rxd4 34.
Rb5 Rd2+ 35. Ke3 Rxh2 36. g4 c6 37. Bxc6+ Kc7 38. gxf5 Kxc6 39. fxe6 1-0

[Event "47th Sparkassen Open"]
[Site "Dortmund GER"]
[Date "2019.07.20"]
[Round "8.5"]
[White "Luft, Dennis"]
[Black "Humburg, Philipp"]
[Result "1-0"]
[WhiteElo "2294"]
[BlackElo "2244"]
[WhiteFideId "24623717"]
[BlackFideId "24656151"]
[EventDate "2019.07.13"]

1. e4 c5 2. d3 Nc6 3. g3 g6 4. Bg2 Bg7 5. f4 e6 6. Nf3 Nge7 7. O-O O-O 8. c3 b6
9. Be3 Ba6 10. Qc2 Rc8 11. Rd1 d5 12. Bf2 Qd7 13. d4 cxd4 14. Nxd4 Rfd8 15. Nxc6
Qxc6 16. e5 g5 17. Qd2 Ng6 18. fxg5 Nxe5 19. Na3 Ng4 20. Nc2 Qc7 21. Nd4 Re8 22.
Kh1 Nxf2+ 23. Qxf2 Qe5 24. h4 Bf8 25. Re1 Qg7 26. Rad1 Bc5 27. Qf3 Bd6 28. Bh3
Qg6 29. Bg4 Re7 30. Rd2 Bc5 31. Ne2 Qe4 32. Kg2 Qxf3+ 33. Bxf3 Kg7 34. Nf4 Rec7
35. a3 Bc4 36. Nh5+ Kh8 37. Bd1 d4 38. cxd4 Rd8 39. Bc2 Rxd4 40. Rxd4 Bxd4 41.
Be4 Bb3 42. Kh3 a5 43. Nf6 a4 44. Re2 Rc1 45. Nxh7 Rf1 46. h5 Rf2 47. Re1 Bxb2
48. g6 fxg6 49. hxg6 Kg7 50. Kg4 Bxa3 51. Ng5 e5 52. Rh1 Kg8 53. Bf5 Be7 54. Ne4
Re2 55. Rh7 Bc2 56. Be6+ Kf8 57. g7+ Ke8 58. g8=Q+ Bf8 59. Qf7+ Kd8 60. Qd7# 1-0

[Event "47th Sparkassen Open"]
[Site "Dortmund GER"]
[Date "2019.07.20"]
[Round "8.6"]
[White "Jugelt, Tobias"]
[Black "Baerwolf, Steven"]
[Result "1-0"]
[WhiteTitle "IM"]
[WhiteElo "2403"]
[BlackElo "2176"]
[WhiteFideId "4626150"]
[BlackFideId "24658634"]
[EventDate "2019.07.13"]

1. g3 d5 2. f4 Nf6 3. Nf3 c5 4. Bg2 g6 5. O-O Bg7 6. e3 O-O 7. d3 Nc6 8. Qe2 Bg4
9. h3 Bxf3 10. Qxf3 Qc7 11. e4 dxe4 12. dxe4 Rad8 13. Nc3 Nd4 14. Qf2 e6 15. Be3
Nd7 16. Rfd1 Nb6 17. Bf1 f5 18. e5 a6 19. a4 Rf7 20. a5 Nc8 21. Na4 Bf8 22. b4
Rfd7 23. bxc5 Bxc5 24. Nxc5 Qxc5 25. Ra4 Qxc2 26. Rdxd4 Qc6 27. Rac4 1-0

[Event "47th Sparkassen Open"]
[Site "Dortmund GER"]
[Date "2019.07.20"]
[Round "8.7"]
[White "Schuh, Dirk"]
[Black "Maes, Wim"]
[Result "1-0"]
[WhiteTitle "IM"]
[BlackTitle "FM"]
[WhiteElo "2372"]
[BlackElo "2185"]
[WhiteFideId "4655311"]
[BlackFideId "201073"]
[EventDate "2019.07.13"]

1. e4 c5 2. Nc3 e6 3. f4 d5 4. Nf3 dxe4 5. Nxe4 Nf6 6. Nxf6+ Qxf6 7. d4 cxd4 8.
Qxd4 Qxd4 9. Nxd4 Bc5 10. Nb5 Na6 11. c3 O-O 12. b4 Be7 13. Be3 b6 14. Be2 Bb7
15. Kf2 Bc6 16. a4 Bf6 17. Ra3 Bxb5 18. axb5 Nc7 19. c4 Rfd8 20. Rd1 Rxd1 21.
Bxd1 Be7 22. Bf3 Rc8 23. Rxa7 Bxb4 24. Bc6 Ne8 25. Bxe8 Rxe8 26. Bxb6 g5 27.
fxg5 Rc8 28. Rc7 Rb8 29. Ba7 Ra8 30. b6 Bd6 31. b7 1-0

[Event "47th Sparkassen Open"]
[Site "Dortmund GER"]
[Date "2019.07.20"]
[Round "8.9"]
[White "Guenther, Patrick"]
[Black "Wagner, Alexej"]
[Result "0-1"]
[WhiteElo "2055"]
[BlackElo "2277"]
[WhiteFideId "24618357"]
[BlackFideId "4129555"]
[EventDate "2019.07.13"]

1. e4 c5 2. Nf3 d6 3. d4 cxd4 4. Nxd4 Nf6 5. Nc3 a6 6. g3 e5 7. Nde2 Be7 8. Bg2
O-O 9. O-O Be6 10. a4 Nbd7 11. h3 Rc8 12. Be3 Nc5 13. a5 Bc4 14. Re1 h6 15. Qd2
Qc7 16. g4 Ne6 17. Ng3 Ne8 18. Bb6 Bg5 19. Qxg5 hxg5 20. Bxc7 Rxc7 21. Nf5 g6
22. Ne3 Nd4 23. Ra4 Be6 24. Rd1 Nf6 25. Rd2 Rfc8 26. Rb4 Kf8 27. Kf1 Bd7 28. Ke1
Bb5 29. Kd1 Rc5 30. Ncd5 Nxd5 31. exd5 f5 32. c3 f4 33. Nc2 f3 34. Bh1 Be2+ 35.
Kc1 Rxa5 36. Na3 Nb5 37. Nc2 Rc7 38. Kb1 Rh7 0-1

[Event "47th Sparkassen Open"]
[Site "Dortmund GER"]
[Date "2019.07.20"]
[Round "8.10"]
[White "Oltmanns, Jan"]
[Black "Hartikainen, Markku"]
[Result "0-1"]
[BlackTitle "FM"]
[WhiteElo "1970"]
[BlackElo "2237"]
[WhiteFideId "16251318"]
[BlackFideId "501417"]
[EventDate "2019.07.13"]

1. e4 c5 2. Nf3 g6 3. Bd3 Bg7 4. c3 d5 5. Bc2 dxe4 6. Bxe4 Nf6 7. Bc2 Nc6 8. O-O
O-O 9. Re1 b6 10. d4 cxd4 11. Nxd4 Nxd4 12. Qxd4 Qxd4 13. cxd4 e6 14. Nc3 Bb7
15. Be3 Rfd8 16. Bb3 h6 17. Rac1 Nd5 18. Nxd5 Bxd5 19. Bxd5 Rxd5 20. b3 g5 21.
Rc4 Rad8 22. Rc7 Ra5 23. Re2 e5 24. a4 exd4 25. Bd2 Rc5 26. Ree7 Rc8 27. Rxc8+
Rxc8 28. Kf1 Rc2 29. Ke2 Bf8 30. Rd7 Bc5 31. Kd3 Rb2 32. b4 Bxb4 33. Bxb4 Rxb4
34. Rxa7 Rb2 35. Rb7 Rxf2 36. Rxb6 Kg7 37. g3 Rxh2 38. Kxd4 h5 39. Ke4 f6 40.
Kf5 Rf2+ 41. Ke4 Re2+ 42. Kf3 Ra2 43. Rb7+ Kg6 44. Ra7 Ra3+ 45. Kf2 Kf5 46. Ra6
Ra2+ 47. Kf1 Kg4 48. Rxf6 Rxa4 49. Rg6 Ra3 50. Kf2 Rf3+ 0-1

[Event "47th Sparkassen Open"]
[Site "Dortmund GER"]
[Date "2019.07.20"]
[Round "8.11"]
[White "Kartsev, Soel"]
[Black "Boehm, Juergen2"]
[Result "0-1"]
[WhiteElo "2217"]
[BlackElo "2175"]
[WhiteFideId "4130561"]
[BlackFideId "4606434"]
[EventDate "2019.07.13"]

1. c4 c6 2. e4 d5 3. exd5 cxd5 4. cxd5 Nf6 5. Qa4+ Nbd7 6. Nc3 g6 7. Bc4 Bg7 8.
d3 O-O 9. Nge2 a6 10. Qa3 b6 11. O-O Bb7 12. d6 e6 13. Bg5 h6 14. Bh4 b5 15. Bb3
Qb6 16. Qb4 Nc5 17. a4 a5 18. Qxb5 Qxb5 19. Nxb5 Nxb3 20. Ra3 Nc5 21. Rc1 Na6
22. Nc7 Rac8 23. Rb3 Nb4 24. Rc5 Bd5 25. Rbc3 Nd7 26. Be7 Bxc3 27. Rxc3 Bb7 28.
Bxf8 Kxf8 29. Nd4 Kg7 30. Nb3 Nc6 31. d4 Kf6 32. Nc5 Nxc5 33. dxc5 Nb4 34. f4
Bc6 35. g4 g5 36. fxg5+ hxg5 37. Kf2 Ke5 38. b3 Rh8 39. h3 Nd5 40. Nxd5 Kxd5 41.
Ke2 Rc8 42. Rf3 Kxc5 43. Rxf7 Kxd6 44. Rg7 Rh8 45. Rxg5 Rxh3 46. Rxa5 Rxb3 47.
g5 Rg3 48. Ra7 Rxg5 49. a5 Rg8 50. Rh7 Ra8 51. Ke3 Rxa5 52. Rh6 Ra4 53. Kd3 Bd5
54. Ke3 Kc5 55. Rh8 Ra3+ 56. Kd2 Kd4 57. Rd8 Ra2+ 58. Ke1 Ke3 59. Kd1 Bb3+ 60.
Kc1 Rc2+ 61. Kb1 Rc5 62. Kb2 Bd5 63. Rh8 e5 0-1

[Event "47th Sparkassen Open"]
[Site "Dortmund GER"]
[Date "2019.07.20"]
[Round "8.12"]
[White "Fistoul, Boris"]
[Black "Heck, Norbert"]
[Result "0-1"]
[BlackTitle "FM"]
[WhiteElo "1938"]
[BlackElo "2211"]
[WhiteFideId "12953962"]
[BlackFideId "4622928"]
[EventDate "2019.07.13"]

1. d4 g6 2. c4 Bg7 3. e4 d6 4. f3 e5 5. d5 f5 6. Nc3 Nf6 7. Bd3 O-O 8. Be3 a5 9.
Nge2 Na6 10. O-O f4 11. Bf2 g5 12. g4 h5 13. h3 hxg4 14. hxg4 Kf7 15. Qd2 Rh8
16. Kg2 Nxg4 17. fxg4 Bxg4 18. Ng1 Qd7 19. Bg3 Bh3+ 20. Kf2 Qg4 21. Nce2 fxg3+
22. Nxg3 Bxf1 23. Rxf1 Kg6 24. Kg2 Raf8 25. Be2 Qh4 26. Rf5 Qh2+ 27. Kf3 g4+ 28.
Kxg4 Rh4+ 29. Kf3 Rf4+ 0-1

[Event "47th Sparkassen Open"]
[Site "Dortmund GER"]
[Date "2019.07.20"]
[Round "8.13"]
[White "Rempel, Patrick"]
[Black "Hourigan, Gerrit"]
[Result "0-1"]
[WhiteElo "2119"]
[BlackElo "2037"]
[WhiteFideId "4657632"]
[BlackFideId "16204174"]
[EventDate "2019.07.13"]

1. d4 Nf6 2. c4 e6 3. Nf3 d5 4. Qc2 Be7 5. g3 dxc4 6. Qxc4 a6 7. a4 b5 8. Qc2
Bb7 9. Bg2 Nc6 10. O-O O-O 11. Bf4 Nd5 12. Rd1 g5 13. Bc1 h6 14. e4 Nb6 15. Nc3
Nb4 16. Qb1 Nxa4 17. Nxa4 bxa4 18. Rxa4 Qe8 19. b3 f6 20. d5 exd5 21. exd5 Nxd5
22. Rxd5 Bxd5 23. Nxg5 hxg5 24. Bxd5+ Kg7 25. Bxa8 Qxa8 26. Bb2 Rd8 27. Ra5 Qf3 0-1

[Event "47th Sparkassen Open"]
[Site "Dortmund GER"]
[Date "2019.07.20"]
[Round "8.14"]
[White "Quast, Marcel"]
[Black "Henrotte, Nils"]
[Result "1-0"]
[WhiteElo "2248"]
[BlackElo "1969"]
[WhiteFideId "24663476"]
[BlackFideId "12923311"]
[EventDate "2019.07.13"]

1. e4 e6 2. d4 d5 3. Nd2 Nc6 4. Ngf3 Nf6 5. exd5 exd5 6. Bd3 Nb4 7. Bb5+ Bd7 8.
Bxd7+ Nxd7 9. O-O Be7 10. Re1 O-O 11. Nf1 Nc6 12. Ne3 Nf6 13. Nf5 Bd6 14. Bg5 h6
15. Bh4 Bf4 16. Ne5 Re8 17. Nxc6 Rxe1+ 18. Qxe1 bxc6 19. Ne7+ Kf8 20. Bxf6 gxf6
21. Nxc6 Bxh2+ 22. Kxh2 Qd6+ 23. Ne5 Re8 24. f4 fxe5 25. fxe5 Qg6 26. Qc3 Qe4
27. Rf1 Re6 28. Qh3 Rg6 29. c3 Kg7 30. Qf3 Qh4+ 31. Kg1 Qe7 32. Qxd5 1-0